=LDR 00000nam 2200000 4500 =001 INLIS000000000017113 =005 20130612112313 =008 ***********************************Ind** =035 ##$$0010-061300000017113 =041 ##$$a Ind =082 ##$$a 345 =090 ##$$a 345, Sup e =100 ##$$a Suparni, Niniek =245 ##$$a Eksistensi pidana denda dalam sistem pidana dan pemidanaan, Niniek Suparni SH =260 ##$$a 1996 $b Jakarta =300 ##$$a vii, 89 hlm, 21 cm =650 ##$$a Denda ( Hukuman ) =850 ##$$a NBPNMAT =990 ##$$a 0001/BPAP-NTB/20142015 =990 ##$$a 0001/BPAP-NTB/2016